01036 2200313 4500001002100000005001500021035002000036007000300056008004100059020002200100082001500122084001700137100003700154245014800191250003400339300004500373650002000418700004600438504003200484264003200516336002100548337003000569338002300599040002200622090002200644850001200666999002200678990002200700INLIS00000000089052220240912020249 a0010-0924000172ta240912s2024 yoia g ind d a978-623-02-8929-304223a621.47 a621.47 IMA p0 aI Made Aditya NugrahaePengarang10aPeran energi bersih untuk kelautan dan perikanan :benergi matahari pada kapal nelayan /cI Made Aditya Nugraha, I Gusti Made Ngurah Desnanjaya aCetakan Pertama, Agustus 2024 aix, 78 halaman :bgambar, tabel ;c23 cm 4aTenaga matahari0 aI Gusti Made Ngurah DesnanjayaePengarang aBibliografi : halaman 65-7731aSleman :bDeepublish,c2024 2rdacontentateks 2rdamediaatanpa perantara 2rdacarrieravolume aYOPDYOGbinderda aCB-D.11 2024-3008 aYOPDYOG aCB-D.11/2024-3008 aCB-D.11/2024-3008